<?xml version="1.0" encoding="UTF-8"?>
<collection xmlns="http://www.loc.gov/MARC21/slim">
 <record>
  <leader>02126nam a22002657a 4500</leader>
  <controlfield tag="001">NCT_4_015859</controlfield>
  <controlfield tag="008">250116b        xxu||||| |||| 00| 0 vie d</controlfield>
  <datafield tag="999" ind1=" " ind2=" ">
   <subfield code="c">8755</subfield>
   <subfield code="d">8755</subfield>
  </datafield>
  <datafield tag="020" ind1=" " ind2=" ">
   <subfield code="a">9786041219557</subfield>
   <subfield code="c">109000</subfield>
  </datafield>
  <datafield tag="082" ind1="0" ind2="4">
   <subfield code="2">23rd ed.</subfield>
   <subfield code="a">333.33092</subfield>
   <subfield code="b">T867</subfield>
  </datafield>
  <datafield tag="100" ind1="1" ind2=" ">
   <subfield code="a">Trump, Donald J.</subfield>
  </datafield>
  <datafield tag="245" ind1="1" ind2="0">
   <subfield code="a">Nghệ thuật đàm phán =</subfield>
   <subfield code="b">The art of the deal</subfield>
   <subfield code="c">Donald J. Trump, Tony Schwartz ; Nguyễn Đăng Thiều (Dịch)</subfield>
  </datafield>
  <datafield tag="260" ind1=" " ind2=" ">
   <subfield code="a">Tp. Hồ Chí Minh</subfield>
   <subfield code="b">Nxb. Trẻ</subfield>
   <subfield code="c">2023</subfield>
  </datafield>
  <datafield tag="300" ind1=" " ind2=" ">
   <subfield code="a">327 tr.</subfield>
   <subfield code="c">20 cm</subfield>
  </datafield>
  <datafield tag="520" ind1="3" ind2=" ">
   <subfield code="a">Nội dung sách trình bày phong cách làm việc mỗi ngày của Donald Trump, cách ông điều hành trong kinh doanh và cuộc sống, cách đàm phán một thương vụ thành công cũng như cách ông trò chuyện với bạn bè, gia đình, làm ăn với đối thủ, mua thành công những sòng bạc hàng đầu ở thành phố Atlantic, thay đổi bộ mặt của những cao ốc ở thành phố New York... và xây dựng những toà nhà chọc trời trên thế giới.</subfield>
  </datafield>
  <datafield tag="653" ind1=" " ind2=" ">
   <subfield code="a">Truyền thông đa phương tiện</subfield>
  </datafield>
  <datafield tag="700" ind1="1" ind2=" ">
   <subfield code="a">Schwartz, Tony</subfield>
  </datafield>
  <datafield tag="700" ind1="1" ind2=" ">
   <subfield code="a">Nguyễn Đăng Thiều </subfield>
   <subfield code="e">Dịch</subfield>
  </datafield>
  <datafield tag="942" ind1=" " ind2=" ">
   <subfield code="2">ddc</subfield>
   <subfield code="c">BK</subfield>
  </datafield>
  <datafield tag="952" ind1=" " ind2=" ">
   <subfield code="0">0</subfield>
   <subfield code="1">0</subfield>
   <subfield code="2">ddc</subfield>
   <subfield code="4">0</subfield>
   <subfield code="6">333_330920000000000_T867</subfield>
   <subfield code="7">0</subfield>
   <subfield code="9">30065</subfield>
   <subfield code="a">000001</subfield>
   <subfield code="b">000001</subfield>
   <subfield code="d">2025-01-16</subfield>
   <subfield code="o">333.33092 T867</subfield>
   <subfield code="p">MD.23406</subfield>
   <subfield code="r">2025-01-16</subfield>
   <subfield code="v">109000.00</subfield>
   <subfield code="w">2025-01-16</subfield>
   <subfield code="y">BK</subfield>
  </datafield>
  <datafield tag="952" ind1=" " ind2=" ">
   <subfield code="0">0</subfield>
   <subfield code="1">0</subfield>
   <subfield code="2">ddc</subfield>
   <subfield code="4">0</subfield>
   <subfield code="6">333_330920000000000_T867</subfield>
   <subfield code="7">0</subfield>
   <subfield code="9">30066</subfield>
   <subfield code="a">000001</subfield>
   <subfield code="b">000001</subfield>
   <subfield code="d">2025-01-16</subfield>
   <subfield code="o">333.33092 T867</subfield>
   <subfield code="p">MD.23407</subfield>
   <subfield code="r">2025-01-16</subfield>
   <subfield code="v">109000.00</subfield>
   <subfield code="w">2025-01-16</subfield>
   <subfield code="y">BK</subfield>
  </datafield>
  <datafield tag="952" ind1=" " ind2=" ">
   <subfield code="0">0</subfield>
   <subfield code="1">0</subfield>
   <subfield code="2">ddc</subfield>
   <subfield code="4">0</subfield>
   <subfield code="6">333_330920000000000_T867</subfield>
   <subfield code="7">0</subfield>
   <subfield code="9">30067</subfield>
   <subfield code="a">000001</subfield>
   <subfield code="b">000001</subfield>
   <subfield code="d">2025-01-16</subfield>
   <subfield code="o">333.33092 T867</subfield>
   <subfield code="p">MD.23408</subfield>
   <subfield code="r">2025-01-16</subfield>
   <subfield code="v">109000.00</subfield>
   <subfield code="w">2025-01-16</subfield>
   <subfield code="y">BK</subfield>
  </datafield>
  <datafield tag="952" ind1=" " ind2=" ">
   <subfield code="0">0</subfield>
   <subfield code="1">0</subfield>
   <subfield code="2">ddc</subfield>
   <subfield code="4">0</subfield>
   <subfield code="6">333_330920000000000_T867</subfield>
   <subfield code="7">0</subfield>
   <subfield code="9">30068</subfield>
   <subfield code="a">000001</subfield>
   <subfield code="b">000001</subfield>
   <subfield code="d">2025-01-16</subfield>
   <subfield code="o">333.33092 T867</subfield>
   <subfield code="p">MD.23409</subfield>
   <subfield code="r">2025-01-16</subfield>
   <subfield code="v">109000.00</subfield>
   <subfield code="w">2025-01-16</subfield>
   <subfield code="y">BK</subfield>
  </datafield>
  <datafield tag="952" ind1=" " ind2=" ">
   <subfield code="0">0</subfield>
   <subfield code="1">0</subfield>
   <subfield code="2">ddc</subfield>
   <subfield code="4">0</subfield>
   <subfield code="6">333_330920000000000_T867</subfield>
   <subfield code="7">0</subfield>
   <subfield code="9">30069</subfield>
   <subfield code="a">000001</subfield>
   <subfield code="b">000001</subfield>
   <subfield code="d">2025-01-16</subfield>
   <subfield code="o">333.33092 T867</subfield>
   <subfield code="p">MD.23410</subfield>
   <subfield code="r">2025-01-16</subfield>
   <subfield code="v">109000.00</subfield>
   <subfield code="w">2025-01-16</subfield>
   <subfield code="y">BK</subfield>
  </datafield>
  <datafield tag="980" ind1=" " ind2=" ">
   <subfield code="a">Thư viện Trường Đại học Nam Cần Thơ</subfield>
  </datafield>
 </record>
</collection>
